Le Multivers des Acteurs - Statistiques

Statistiques générales
  • Ce quiz a été pris 29 fois
    11 depuis la dernière actualisation
  • Le résultat moyen est 5 sur 14
Statistiques - réponses
Indices Acteurs/Actrices % Correct
J'ai été une pilleuse de tombes avant de devenir une espionne qui tente de tuer son mari Angelina Jolie
83%
J'ai été un archéologue fouetteur de nazis avant de devenir un contrebandier spatial. Harrison Ford
83%
J'ai chassé des nazis avant d'être une doublure cascade à Hollywood. Brad Pitt
50%
J'ai survécu à un naufrage avant de diriger le peuple de l'eau. Kate Winslet
50%
J'ai été un elfe archer avant de devenir un forgeron pirate. Orlando Bloom
50%
J'ai été fabriquant d'armes avant de devenir détective privé. Robert Downey Jr.
50%
J'ai été un génie bleu vivant dans une lampe avant d'être un père de famille prêt à se déguiser en gouvernante âgée pour voir ses enfants. Robin Williams
50%
J'ai dirigé un empire de la drogue avant de traquer des braqueurs de banques. Al Pacino
17%
J'ai été un justicier avant d'être un magicien obsédé par son rival. Christian Bale
17%
J'ai été l'Élu avant de devenir un tueur à gages retiré Keanu Reeves
17%
J'ai été une conductrice de bus piégée avant d'être une scientifique piégée dans l'espace? Sandra Bullock
17%
J'ai été un naufragé avant d'être un professeur de symbologie. Tom Hanks
17%
J'ai été le prisonnier le plus violent d'Angleterre avant d'être un survivant silencieux portant un masque de fer dans un désert post-apocalyptique. Tom Hardy
17%
J'ai été un esclave affranchi avant de devenir un chauffeur de taxi. Jamie Foxx
0%
Aucun quiz correspondant
Distribution des résultats
% des personnes avec chaque résultat
Percentile par nombre de réponses
Votre historique - résultats
Vous n’avez pas pris ce quiz depuis la dernière actualisation